=LDR 00000nam 2200000 4500 =001 INLIS000000000002056 =005 20130612090427 =008 ***********************************Ind** =035 ##$$0010-061300000002056 =041 ##$$a Ind =082 ##$$a 615.1 =090 ##$$a 615.1, Auf i =100 ##$$a Auterhoff, Harry =245 ##$$a Identifikasi obat, Harry Auterhoff ; penerjemah, N.C Sugiarso =260 ##$$a 1987 $b Bandung =300 ##$$a 276 hlm, ilus, 22 cm =650 ##$$a obat =850 ##$$a NBPNMAT =990 ##$$a 00040004 =990 ##$$a 95.998-95.999/Pro.96 =990 ##$$a 1038467 =990 ##$$a 01201807578